Fighter Jets By Picture #1 - Statistics

General Stats
  • This quiz has been taken 9,591 times
    9,000 since last reset
  • The average score is 12 of 25
Answer Stats
Picture Answer % Correct
F-22
97%
B-2 Spirit
96%
A-10
94%
SR-71 Blackbird
60%
F-16
58%
F-15
54%
F-18
54%
F-35
53%
Eurofighter Typhoon
52%
SU-57
52%
F-14
48%
F-4
48%
F-117
46%
MIG-31
40%
F-111
38%
F-5
35%
F-86 Sabre
35%
MIG-29
35%
SU-27
35%
J-20
33%
MIG-25
30%
MIG-17
27%
MIG-15
26%
SU-75
25%
F-106
13%
No matching quizzes found
Score Distribution
Percent of People with Each Score
Percentile by Number Answered
Your Score History
You have not taken this quiz since the last reset